| 000 | 00000nam##2200000za#4500 |
| 001 | 9.601054 |
| 003 | CaOODSP |
| 005 | 20210624205902 |
| 007 | cr ||||||||||| |
| 008 | 150406|1993||||xxc|||||o f|0| 0 fre|d |
| 040 | |aCaOODSP|bfre |
| 043 | |an-cn--- |
| 086 | 1 |aNM95-57/15-2-1993F-PDF |
| 110 | 1 |aCanada.|bPatrimoine canadien. |bInstitut canadien de conservation. |
| 245 | 13|aLe soin des objets de musée exposés ou remisés à l'extérieur |h[ressource électronique] |
| 260 | |aOttawa - Ontario : |bPatrimoine canadien. |cc1993. |
| 300 | |a6p.|bfigures |
| 490 | 1 |aNotes de l'ICC |v15/2 |
| 500 | |aLe nº de catalogue (NM95-57/15-2-1993F) et l'ISSN (1191-7237) de l'édition imprimée ont été incorrectement copiés dans cette édition électronique. |
| 504 | |aBibliographie. |
| 590 | |a11-22-Supp|b2011-10-13 |
| 775 | 08|tCare of machinery artifacts displayed or stored outside |w(CaOODSP)9.570311 |
| 776 | 0#|tLe soin des objets de musée exposés ou remisés à l'extérieur |w(CaOODSP)9.622074 |
| 830 | #0|aNotes de l'ICC ;|v15/2|w(CaOODSP)9.502751 |
| 856 | 40|ahttp://publications.gc.ca|qPDF|s2.76 Mo|uhttps://publications.gc.ca/collections/collection_2011/pc-ch/NM95-57-15-2-1993-fra.pdf|y15/2 |